General Studies : (Record no. 10756)

MARC details
000 -LEADER
fixed length control field 00623cam a2200205ua 4500
005 - DATE AND TIME OF LATEST TRANSACTION
control field 20210816141243.0
008 - FIXED-LENGTH DATA ELEMENTS--GENERAL INFORMATION
fixed length control field 191207n ii |||gr||||Z||||||eng
020 ## - INTERNATIONAL STANDARD BOOK NUMBER
International Standard Book Number 9789386179494
040 ## - CATALOGING SOURCE
Transcribing agency MAIN
Original cataloging agency IN-DiNC
041 ## - LANGUAGE CODE
Language code of sung or spoken text English
082 ## - DEWEY DECIMAL CLASSIFICATION NUMBER
Classification number 030
Item number PAN
100 ## - MAIN ENTRY--PERSONAL NAME
Personal name Pandey, Manohar
Relator term Author
245 ## - TITLE STATEMENT
Title General Studies :
Remainder of title for civil services preliminary examination (paper 1) /
Statement of responsibility, etc. By Manohar Pandey .
260 ## - PUBLICATION, DISTRIBUTION, ETC.
Place of publication, distribution, etc. New Delhi:
Name of publisher, distributor, etc. Arihant publications,
Date of publication, distribution, etc. 2017.
650 ## - SUBJECT ADDED ENTRY--TOPICAL TERM
Topical term or geographic name entry element General knowledge
650 ## - SUBJECT ADDED ENTRY--TOPICAL TERM
Topical term or geographic name entry element Career knowledge
700 ## - ADDED ENTRY--PERSONAL NAME
Personal name Goyal, Priya
Relator term Editor
942 ## - ADDED ENTRY ELEMENTS (KOHA)
Koha item type Books
Source of classification or shelving scheme Dewey Decimal Classification
653 ## - INDEX TERM--UNCONTROLLED
Uncontrolled term General encyclopedic works
Holdings
Withdrawn status Lost status Source of classification or shelving scheme Damaged status Not for loan Collection code Home library Current library Shelving location Date acquired Cost, normal purchase price Full call number Barcode Date last seen Copy number Price effective from Koha item type
    Dewey Decimal Classification     General Collection Naharkatiya College Library Naharkatiya College Library General Stacks 19/09/2020 1450.00 030 PAN 25460 19/09/2020 1 19/09/2020 Books

Naharkatiya College © 2020. All rights reserved.

Powered By